[Event "Foment Martinenc op-B 20th"]
[Site "Barcelona"]
[Date "2018.06.16"]
[Round "9"]
[White "Ruiz Soria, Adria"]
[Black "Esteban Bruguera, German"]
[Result "0-1"]
[WhiteElo "1916"]
[BlackElo "1752"]
[PlyCount "76"]
[EventDate "2018.04.21"]
[EventType "swiss"]
[EventRounds "9"]
[EventCountry "ESP"]
[SourceTitle "CBM 184 Extra"]
[Source "ChessBase"]
[SourceDate "2018.06.28"]
[SourceVersion "1"]
[SourceVersionDate "2018.06.28"]
[SourceQuality "1"]

1. d4 e6 2. c4 f5 3. g3 Nf6 4. Bg2 d5 5. Nh3 c6 6. 0-0 Bd6 7. Nd2 0-0 8. Qc2 Qe8 9. Nf3 Nh5 10. Ne5 Nd7 11. Nd3 Ndf6 12. Ndf4 Bd7 13. c5 Bc7 14. Bf3 h6 15. Nxh5 Nxh5 16. Bxh5 Qxh5 17. Nf4 Qf7 18. Nd3 Qf6 19. e3 g5 20. Bd2 Rae8 21. b4 Re7 22. Rab1 h5 23. Kg2 Rh7 24. Rh1 h4 25. a4 Rff7 26. Qb2 Rfg7 27. Rbg1 Qg6 28. Ne5 Bxe5 29. dxe5 Qh5 30. Bc3 h3+ 31. Kf1 Qd1+ 32. Be1 Be8 33. Qd2 Qxa4 34. f3 Bh5 35. Kf2 b6 36. cxb6 axb6 37. Qc3 Qd1 38. g4 fxg4 0-1

[Event "Foment Martinenc op-C 19st"]
[Site "Barcelona"]
[Date "2017.06.03"]
[Round "7.6"]
[White "Ruiz Soria, Adria"]
[Black "Medinilla Moya, Dafne"]
[Result "1-0"]
[WhiteElo "1748"]
[BlackElo "1735"]
[PlyCount "53"]
[EventDate "2017.04.22"]
[EventType "swiss"]
[EventRounds "9"]
[EventCountry "ESP"]
[SourceTitle "EXT 2024"]
[Source "ChessBase"]
[SourceDate "2023.10.10"]
[SourceVersion "1"]
[SourceVersionDate "2023.10.10"]
[SourceQuality "1"]

1. d4 d5 2. Nf3 e6 3. e3 Nf6 4. Bd3 Be7 5. b3 b6 6. Bb2 Bb7 7. Nbd2 0-0 8. 0-0 Nbd7 9. Ne5 c5 10. f4 cxd4 11. exd4 Qc8 12. g4 h6 13. g5 hxg5 14. fxg5 Ne4 15. h4 Nxe5 16. dxe5 Nxd2 17. Qxd2 Qc5+ 18. Kh2 Qb4 19. Qxb4 Bxb4 20. Rf4 Be7 21. Kh3 g6 22. Kg4 Kg7 23. Rh1 Rh8 24. Rhf1 Raf8 25. Bd4 f5+ 26. exf6+ Bxf6 27. Bxf6+ 1-0